| 000 | 00564nam a22001577a 4500 | ||
|---|---|---|---|
| 003 | macl | ||
| 005 | 20170509130902.0 | ||
| 008 | 170509b xxu||||| |||| 00| 0 eng d | ||
| 040 | _cmacl | ||
| 082 | _a800/RAV | ||
| 100 |
_aसम्पा इन्द्र नाथ चौधरी _967109 |
||
| 245 |
_aरवीद्रनाथ टैगोर रचनावली खण्ड 7 _bराजा |
||
| 260 |
_aदिल्ली _bसस्ता साहित्य _c2012 |
||
| 650 |
_aरचनावली _9163 |
||
| 942 |
_2ddc _cHIN |
||
| 999 |
_c56310 _d56310 |
||